[Event "Winter 2018 CCCSA-IM"]
[Site "Charlotte"]
[Date "2018.01.14"]
[Round "6.4"]
[White "Jacobson, Aaron"]
[Black "Moon, Benjamin"]
[Result "1-0"]
[WhiteElo "2282"]
[BlackElo "2317"]
[Annotator "TA"]
[PlyCount "159"]
[EventDate "2018.01.11"]
[EventType "tourn"]
[EventCountry "USA"]
[SourceTitle "playchess.com"]
[Source "ChessBase"]
[SourceQuality "1"]

{[%evp 14,159,41,51,43,42,50,7,-5,-17,-10,-21,41,18,77,15,10,-1,0,-8,0,0,58,-43,-31,-50,0,0,15,12,53,0,0,0,106,0,0,-12,34,-76,-64,-63,-73,-68,-45,-174,-101,-189,-195,-200,-209,-193,-92,-214,-107,-116,-76,-205,-127,-162,-150,-147,-149,-147,-63,-174,0,-34,-35,-37,-37,-26,-156,-8,879,-51,262,-635,-582,-1035,-1035,-785,-450,-638,-635,-643,-562,-391,0,-378,0,-269,-209,-217,-204,-245,-244,-239,-208,-217,-217,-264,-264,-247,0,-139,0,-247,-245,-589,-587,-543,-565,-528,-524,-421,0,-210,0,-437,-434,-306,-209,-133,4388,5405,5405,4388,512,512,29958,29959,12843,5529,29974,29975,29978,29979,29979,29980,29980,29981,29981,29982,29982,29983,29983,29984]} 1. d4 Nf6 2. c4 g6 3. f3 Bg7 4. e4 d6 5. Ne2 O-O 6. Be3 Nc6 {E60: King's Indian: Unusual lines and Fianchetto Variation without Nc3} (6... c5 7. Qd2 Nc6 8. d5 Ne5 9. Nec3 Nh5 10. Be2 f5 11. Na3 f4 12. Bf2 Bd7 13. Nc2 a6 14. a4 {½-½ (54) Caruana,F (2811)-Bacrot,E (2711) Baden-Baden 2015}) 7. Qd2 a6 8. Na3 {LiveBook: 19 Games} Bd7 {White is slightly better.} 9. Nc3 Nh5 $146 ({Find the theoretical novelty and annotate with similar games:} 9... e5 10. d5 Nd4 11. Ne2 Nxe2 12. Bxe2 Nh5 13. O-O-O f5 14. Bd3 Nf6 15. h3 Nh5 16. c5 fxe4 17. fxe4 Ng3 18. Rhe1 dxc5 {½-½ (18) Lindestrom,T (2269)-Matthiesen,M (2323) Nyborg 2001}) 10. g4 e5 {[%cal Re5d4]} 11. dxe5 Nxe5 12. Be2 Nf6 (12... Qh4+ $11 13. Kd1 Nf6) 13. O-O Ne8 (13... h5 $11) 14. Kh1 (14. Rad1 $16) 14... f5 $11 {[%cal Rf5g4]} 15. gxf5 gxf5 16. Bg5 Nf6 17. Nc2 Qe8 ({Black should try} 17... fxe4 $11 18. Nxe4 Kh8) 18. Nd4 (18. Bxf6 $14 Bxf6 19. Nd5) 18... fxe4 $15 19. fxe4 Ng6 20. Bd3 Bc6 21. Rae1 Qe5 22. Nf3 (22. Nxc6 $14 bxc6 23. Rf5) 22... Qe6 $11 23. Nd5 Qd7 (23... Nh5 $11 {keeps the balance.} 24. Qg2 (24. Nxc7 $2 Qh3 $19) 24... Ngf4 25. Bxf4 Nxf4 26. Nxf4 Rxf4) 24. Bb1 (24. Nd4 $1 $16 Ng4 25. Nf5) 24... Nh5 $36 {[%mdl 2048] Black is more active.} 25. Qg2 Nhf4 26. Nxf4 (26. Bxf4 $14 Nxf4 27. Qg3) 26... Nxf4 $17 27. Qg3 Ng6 28. h4 Kh8 ({Weaker is} 28... Bxb2 29. h5 $16) 29. Rg1 ({White should play} 29. h5 $1 $15 Ne5 30. Nd4 Nxc4 31. Nxc6 Qxc6 32. b3) 29... Ne5 (29... Rf7 $1 $19 30. Be3 Raf8) 30. Nd2 (30. Nd4 $17) 30... h5 31. Rgf1 Ng4 $1 32. b3 Qe6 (32... Bd4 $19 {and Black stays clearly on top.} 33. Kg2 Qg7) 33. Bc2 (33. Nf3 $17) 33... Be5 (33... Bd4 $1 $19 34. Kg2 Rxf1 35. Rxf1 Rg8) 34. Qg2 b5 35. Bd3 (35. Nf3 $17) 35... b4 36. c5 Bc3 37. Bc4 Qg6 {...Rxf1+ is the strong threat.} 38. Bd5 dxc5 (38... Bxd5 $1 $17 39. exd5 dxc5) 39. Rd1 (39. Bxc6 $15 Qxc6 40. Rf5) 39... Ne5 $2 (39... Bxd5 $19 40. exd5 Rae8 41. Rxf8+ Rxf8) 40. Nf3 Bxd5 41. Rxd5 Qxe4 42. Nh2 Rxf1+ 43. Nxf1 Nf3 $2 {[%mdl 8192] [#]} (43... Qxg2+ $11 44. Kxg2 Rf8) 44. Rxc5 $2 ({White must play} 44. Bf6+ $1 $18 {[%mdl 512]} Bxf6 45. Rxh5+ Qh7 46. Rxh7+ Kxh7 47. Qxf3) 44... Rf8 $2 {[%mdl 8192] [#]} (44... Nxg5 $15 {keeps the upper hand.} 45. hxg5 Qh4+ 46. Qh2 Qe4+ 47. Qg2 Qh4+ 48. Qh2 Qg4) 45. Rc4 $4 {[%mdl 8192]} (45. Bf6+ $1 $18 {[%mdl 512]} Rxf6 (45... Bxf6 46. Rxh5+) 46. Rxh5+ Qh7 47. Rxh7+ Kxh7 48. h5) 45... Qe1 $19 46. Rf4 Rxf4 47. Bxf4 Qxh4+ 48. Bh2 (48. Nh2 $142 Qxf4 49. Nxf3) 48... Nxh2 49. Qxh2 Qe4+ 50. Qg2 Qh4+ 51. Qh2 $1 {[%cal Rh2h4]} Qe4+ 52. Qg2 Qe6 53. Qf3 Qg6 54. Qf8+ Kh7 55. Qe7+ Qg7 56. Qe4+ Kh6 $1 57. Qf4+ Qg5 58. Qf8+ Qg7 (58... Bg7 $19 59. Qxb4 Qd5+ 60. Kh2 Be5+ 61. Kg1 Bd4+ 62. Kh2 Be5+ 63. Kg1 Bd4+ 64. Kh2 Be5+) 59. Qf4+ $17 Qg5 (59... Kg6 $1 $17 60. Ng3 Qe5) 60. Qf8+ $1 $19 Bg7 61. Qxb4 $2 (61. Qf3 {nothing else works.}) 61... Qd5+ 62. Kh2 Be5+ 63. Kg1 Bd4+ 64. Kh2 Be5+ (64... Qe5+ $142 65. Ng3 h4 66. Qf8+ Kg5 67. Qg8+ Kf4) 65. Kg1 $1 Bd4+ $2 (65... Kg6 66. Qe1 Bd6) 66. Kh2 Qe5+ 67. Ng3 {Threatens to win with Qxd4!} Bc5 68. Qd2+ Be3 $2 {[%mdl 8192] [#]} (68... Kg7 $17 69. Qd7+ Kf6 70. Qd8+ Kg7 71. Qd7+ Kf6 72. Qd8+ Kg7) 69. Qxe3+ $1 $18 {[%mdl 512]} Qxe3 70. Nf5+ Kg5 71. Nxe3 {[%mdl 4096] Endgame KN-K3P} c6 (71... c5 $18 72. Kg3 Kf6) 72. Nc4 Kf4 73. Na5 c5 74. Nb7 {White mates.} c4 75. bxc4 Ke5 76. Na5 Kd4 77. Kg3 Kc5 {[#]} 78. a3 $1 {[%cal Ba2a3,Ba3a4][%mdl 32]} Kb6 79. Nb3 a5 80. a4 {Precision: White = 36%, Black = 34%.} 1-0

[Event "Winter 2018 CCCSA-IM"]
[Site "Charlotte"]
[Date "2018.01.14"]
[Round "6.5"]
[White "Wang, Tianqi"]
[Black "Yu, Jennifer"]
[Result "1-0"]
[WhiteElo "2276"]
[BlackElo "2355"]
[Annotator "RC"]
[PlyCount "175"]
[EventDate "2018.01.11"]
[EventType "tourn"]
[EventCountry "USA"]
[SourceTitle "playchess.com"]
[Source "ChessBase"]
[SourceQuality "1"]
[TimeControl "5400+30"]

1. d4 d5 2. Bf4 Nf6 3. e3 e6 4. Nd2 Bd6 5. Bg3 c5 6. Ngf3 Nc6 7. c3 O-O 8. Be2 Qe7 9. dxc5 Bxc5 10. O-O a6 11. Qb1 e5 12. b4 Bd6 13. a3 e4 14. Nd4 Bxg3 15. fxg3 Bg4 16. Nxc6 bxc6 17. Rxf6 Qxf6 18. Bxg4 Qg5 19. Qd1 Qxe3+ 20. Kh1 Qxc3 21. Nb3 f5 22. Be2 Rf6 23. Rc1 Qe3 24. Nd4 Kh8 25. Nc2 Qg5 26. Nd4 Rh6 27. Rc3 f4 28. gxf4 Qxf4 29. h3 Qc7 30. Qc1 Rf8 31. Rc5 Rf2 32. Qe3 Rhf6 33. Kg1 Qf4 34. Qxf4 R2xf4 35. Nxc6 h6 36. Nd4 Rd6 37. Kh2 e3 38. Rc8+ Kh7 39. Bd3+ g6 40. Rc7+ Kg8 41. Ne2 Rf7 42. Rc5 Kg7 43. Kg3 Rf2 44. Rc7+ Kf6 45. Ra7 g5 46. Rh7 Ke5 47. a4 Rff6 48. Re7+ Rde6 49. Rc7 Rc6 50. Re7+ Rce6 51. Ra7 Rb6 52. b5 axb5 53. axb5 Rbd6 54. Ra4 d4 55. Ng1 Rf4 56. Nf3+ Kd5 57. h4 e2 58. Ra1 Re6 59. hxg5 hxg5 60. Nxg5 Rf1 61. Nxe6 Rxa1 62. Nf4+ Ke5 63. Nxe2 Ra8 64. Kf2 Rf8+ 65. Ke1 Rg8 66. g3 Rg7 67. Kf2 Rg8 68. Kf3 Kd5 69. Nf4+ Ke5 70. Be4 Rb8 71. Bc6 Rd8 72. Nd3+ Kd6 73. g4 Rh8 74. Be4 Rf8+ 75. Kg3 Re8 76. Nf2 Ke5 77. Bd3 Rg8 78. Nh3 Ra8 79. g5 Rg8 80. g6 Kf6 81. Kf4 Rh8 82. Nf2 Rh4+ 83. Ng4+ Kg7 84. b6 Rh8 85. Ne5 Rb8 86. Nd7 Rb7 87. Bf5 d3 88. Ke3 1-0

[Event "Winter 2018 CCCSA-IM"]
[Site "Charlotte"]
[Date "2018.01.14"]
[Round "7.1"]
[White "Yu, Jennifer"]
[Black "Wang, Wesley"]
[Result "1-0"]
[WhiteElo "2355"]
[BlackElo "2226"]
[Annotator "TA"]
[PlyCount "123"]
[EventDate "2018.01.11"]
[EventType "tourn"]
[EventCountry "USA"]
[SourceTitle "playchess.com"]
[Source "ChessBase"]
[SourceQuality "1"]

{[%evp 12,123,9,0,0,-3,0,-9,-11,-17,0,0,0,-24,-15,-34,18,-39,-30,-43,-4,-22,-17,-11,0,0,0,0,12,8,14,12,15,6,172,25,31,31,42,44,45,39,24,30,42,15,52,35,29,19,16,12,38,8,12,0,9,0,80,70,70,70,70,70,70,64,70,70,70,70,70,70,70,70,70,70,70,70,129,70,85,91,176,128,125,59,161,152,133,70,491,459,1324,1032,29986,29987,29987,12837,29985,2090,29986,29987,12841,12839,12840,0,0,0,12840,12840,12844,12844,12845,309]} 1. d4 Nf6 2. c4 e6 3. Nc3 Bb4 4. e3 O-O 5. Nge2 d5 6. a3 Bd6 7. Ng3 c6 {E46: Nimzo-Indian: Rubinstein: 4 e3 0-0 5 Ne2 without early Bd3} 8. Be2 (8. Qc2 e5 9. dxe5 Bxe5 10. Bd3 Be6 11. cxd5 cxd5 12. O-O Nc6 13. Bf5 Rc8 14. Bd2 Qd7 15. Bxe6 fxe6 {0-1 (31) Aleksandrov,A (2615)-Navara,D (2730) Minsk 2015}) 8... e5 9. dxe5 Bxe5 {The position is equal.} 10. O-O Be6 11. cxd5 cxd5 12. Nb5 $146 ({Predecessor:} 12. Qa4 Nc6 13. Rd1 Qa5 14. Qh4 Rac8 15. Nb5 {½-½ (30) Sands,D (2127)-Rodriguez,J (2003) Bridgend 2017}) 12... Nc6 13. Qd3 Qb6 (13... Rc8 $15) 14. Rd1 (14. f4 $11 Bb8 15. b4) 14... Rac8 15. Nd4 g6 16. b4 Nxd4 17. exd4 Bxg3 18. Qxg3 Ne4 19. Qh4 Nc3 20. Re1 Nxe2+ 21. Rxe2 Bf5 22. h3 Be4 $2 {[#]} (22... Rce8 $11 {and Black has nothing to worry.} 23. Re5 Be4) 23. Be3 (23. Bh6 $1 $18) 23... Rfe8 24. Ree1 a5 25. bxa5 Qxa5 26. Bf4 Qb6 27. Be5 Rc6 28. a4 {[%cal Ba3a4,Ba4a5][%mdl 32]} h5 29. a5 Qd8 30. Qxd8 Rxd8 31. f3 Bc2 32. Ra2 Bd3 33. Rb2 Rd7 34. Rb6 f5 (34... Rxb6 $11 {keeps the balance.} 35. axb6 f6) 35. Re3 $36 {[%mdl 2048] White has the initiative.} Bc4 36. h4 Kf7 37. Kf2 Re7 38. Ra3 Rxb6 39. axb6 $14 {[%mdl 4096] Endgame KRB-KRB} Re6 40. Bc7 $1 Re2+ 41. Kg3 {And now Ra7 would win.} Bb5 $1 42. Ra5 Rb2 43. Kf4 $1 Bc6 44. g3 Kf6 {[#]} (44... Rb4 $14) 45. Bd8+ (45. Ra8 $1 $16) 45... Ke6 46. Kg5 Rb3 (46... Kf7 $16) 47. Bc7 Kf7 48. Rc5 ({Better is} 48. Ra8 $16) 48... Kg7 (48... Rb4 $14) 49. Rc1 $18 Kf7 50. Rf1 (50. Re1 $16) 50... Rb4 $2 {[%mdl 8192]} ({Black should try} 50... Bb5 $14 51. Re1 Rb2) 51. Re1 Rxd4 (51... Ba4 $142 52. Bd8 Bc6 53. Re7+ Kf8) 52. Bd6 Rd3 53. Re7+ Kg8 54. Kxg6 (54. Kh6 $142 Rd1 55. Rg7+ Kh8 56. Rf7 Rh1 57. Rf8#) 54... Rxf3 55. Rg7+ Kh8 56. Be5 Be8+ 57. Kh6 {[%csl Gh6][%cal Rg7g6]} Re3 58. Rh7+ $2 (58. Ba1 $18 d4 59. Bxd4) 58... Kg8 $11 59. Rg7+ $2 {[%mdl 8192]} (59. Bf6 $11 Re6 60. Rg7+ Kf8 61. Kg5 Rxb6 62. Rc7) 59... Kh8 $18 60. Ba1 {Intending Rg6+ and mate.White is clearly winning.} d4 61. Bxd4 {Threatening mate with Rg6+.} Rd3 62. Rg4+ {Precision: White = 49%, Black = 38%.} 1-0

[Event "Winter 2018 CCCSA-IM"]
[Site "Charlotte"]
[Date "2018.01.14"]
[Round "7.2"]
[White "Moon, Benjamin"]
[Black "Wang, Tianqi"]
[Result "1/2-1/2"]
[WhiteElo "2317"]
[BlackElo "2276"]
[Annotator "TA"]
[PlyCount "101"]
[EventDate "2018.01.11"]
[EventType "tourn"]
[EventCountry "USA"]
[SourceTitle "playchess.com"]
[Source "ChessBase"]
[SourceQuality "1"]

{[%evp 12,101,12,0,0,0,27,20,30,19,19,19,22,21,22,10,18,5,10,0,0,-12,0,0,0,6,24,-8,0,-9,0,-29,-19,-16,-16,-41,-41,-41,-41,-41,-41,-41,-41,-41,-41,-41,-41,-41,-29,-41,-41,-41,-40,-61,-32,-41,-41,-42,-40,-33,-39,-37,-35,-81,-52,-123,-122,-108,-97,-81,-46,-66,-51,-51,-51,-51,-38,-31,0,-68,-12,-12,-12,-12,-12,-12,-12,-12,-12,-20,-12,-12]} 1. d4 Nf6 2. Bf4 e6 3. e3 Be7 4. Nd2 O-O 5. h3 b6 6. Ngf3 Bb7 7. Bd3 c5 {A47: 1 d4 Nf6 2 Nf3 b6: Torre, London and Colle Systems} 8. O-O cxd4 9. exd4 d6 10. Bh2 $146 (10. a4 a6 11. c4 Nc6 12. Qb3 d5 13. c5 Nd7 14. Rfc1 a5 15. cxb6 Nxb6 {0-1 (36) Naiditsch,A (2705)-Ponomariov,R (2694) Riadh 2017}) ({Predecessor:} 10. Re1 Nbd7 11. Bf1 Re8 12. c3 Bf8 13. a4 {0-1 (74) Wang,T (2215)-Ludwig,J (2397) Charlotte 2017}) 10... Re8 11. Re1 Bf8 12. a4 a6 13. Bf1 Qc7 14. c3 Nbd7 15. a5 b5 $1 16. c4 bxc4 17. Nxc4 Bd5 18. Nfd2 Qb8 19. Ra3 Rd8 20. Qa1 Qa7 21. b4 Bxc4 22. Nxc4 ({Much weaker is} 22. Bxc4 d5 $17) 22... d5 23. Ne5 ({Reject} 23. Nd6 Nb8 $17) 23... Nxe5 $1 24. Bxe5 Bxb4 25. Bxf6 gxf6 26. Rg3+ Kh8 27. Rb1 Rab8 28. Rgb3 Bd6 29. Rb6 Bc7 30. Rxa6 Rxb1 31. Qxb1 Qxd4 32. Qd3 Be5 33. Rc6 Rb8 $36 {[%mdl 2048] Black has the initiative.} 34. a6 Kg7 35. Qxd4 Bxd4 $15 {[%mdl 4096] Endgame KRB-KRB} 36. Rc2 $1 f5 37. Ra2 Ba7 38. Bd3 (38. g3 $15) 38... Kf6 $17 39. g4 fxg4 40. hxg4 h6 41. Kg2 Rb4 42. Be2 Ke5 43. Rc2 Bd4 44. Ra2 {Black should prevent a7.} Ba7 45. Rc2 f5 (45... Kd6 $15 46. Ra2 f6) 46. gxf5 $11 {The position is equal.} Kxf5 47. Rc7 Bd4 $1 48. Rf7+ Ke5 49. Rh7 Rb2 50. Kf1 Rb1+ 51. Kg2 {Precision: White = 63%, Black = 64%.} 1/2-1/2

[Event "Winter 2018 CCCSA-IM"]
[Site "Charlotte"]
[Date "2018.01.14"]
[Round "7.4"]
[White "Ng, Gary"]
[Black "Hong, Andrew"]
[Result "1/2-1/2"]
[WhiteElo "2272"]
[BlackElo "2327"]
[Annotator "TA"]
[PlyCount "64"]
[EventDate "2018.01.11"]
[EventType "tourn"]
[EventCountry "USA"]
[SourceTitle "playchess.com"]
[Source "ChessBase"]
[SourceQuality "1"]

{[%evp 11,64,-14,15,19,46,44,49,15,20,27,15,0,22,22,13,23,49,5,19,0,0,0,0,0,0,0,0,0,22,22,25,7,18,0,4,8,53,11,57,24,22,-2,39,37,37,0,0,0,4,0,0,0,14,0,0]} 1. c4 e6 2. Nf3 d5 3. g3 dxc4 4. Bg2 Nd7 (4... a6 5. O-O Nc6 6. Na3 Bxa3 7. bxa3 e5 8. Rb1 Nge7 9. Qc2 Bf5 10. e4 Bg4 11. Rxb7 Bxf3 12. Bxf3 {0-1 (41) Aronian,L (2785)-Grandelius,N (2643) Doha 2016}) 5. Qc2 a6 6. a4 {[%cal Ba2a4,Ba4a5][%mdl 32] A13: Reti-Eröffnung} Ngf6 {LiveBook: 7 Partien} 7. Na3 {[%cal Bb1a3,Ba3c4,Bc4b6][%mdl 32]} c5 $146 {Droht ...b5!} ({Vorgänger:} 7... b5 8. axb5 axb5 9. Nd4 Ba6 10. b3 Nd5 11. bxc4 bxc4 12. Nxc4 {½-½ (49) Bishop,N (2227)-Sigurdsson,J (2226) LSS email 2011}) 8. Nxc4 {Weiß steht etwas besser.} b6 9. Nfe5 Nd5 $1 10. Nxd7 Bxd7 11. a5 b5 12. Bxd5 exd5 13. Nb6 Rb8 14. Nxd5 (14. d4 $5) 14... Bd6 15. Qe4+ Be6 16. Nf4 Bxf4 $1 17. Qxf4 c4 18. O-O O-O 19. Rd1 Qd5 20. d4 cxd3 21. Rxd3 Qh5 22. f3 Bc4 23. Rd2 Rbd8 24. Ra3 Rxd2 25. Qxd2 b4 26. Ra4 Re8 {[#] Und weiter mit ...h6 wäre nett.} 27. Rxb4 Bxe2 28. Qe3 {[%cal Re3e8]} (28. Re4 $5 {[%cal Re4e8]} Qc5+ 29. Qe3 Qxe3+ 30. Bxe3 (30. Rxe3 Rxe3 31. Bxe3 Bxf3 $11) 30... Rxe4 31. fxe4 $14) 28... Bb5 {Die Stellung ist ausgeglichen.} 29. Re4 Rd8 $132 {[%mdl 2048] ...Td1+ ist eine echte Drohung. Schwarz is not keeping still} 30. Rd4 Re8 31. Re4 Rd8 {[#] Droht ...Td1+ und aus.} 32. Rd4 Re8 {Precision: Weiß = 56%, Schwarz = 55%.} 1/2-1/2

[Event "Winter 2018 CCCSA-IM"]
[Site "Charlotte"]
[Date "2018.01.14"]
[Round "7.5"]
[White "Montalvo Rosario, Alejandro"]
[Black "Stremavicius, Titas"]
[Result "0-1"]
[WhiteElo "2183"]
[BlackElo "2432"]
[Annotator "TA"]
[PlyCount "92"]
[EventDate "2018.01.11"]
[EventType "tourn"]
[EventCountry "USA"]
[SourceTitle "playchess.com"]
[Source "ChessBase"]
[SourceQuality "1"]

{[%evp 19,92,43,37,19,24,29,24,20,70,36,40,0,0,0,0,0,0,0,0,6,12,11,11,8,11,0,0,-1,-3,-6,-4,-4,0,-3,-2,-8,-7,-22,0,0,0,0,0,-4,-4,-18,-19,-60,-10,-32,-32,-32,-32,-32,0,-158,-133,-129,-129,-135,-148,-132,-7,-1020,-751,-1157,-1017,-1531,-1515,-1532,-1403,-12840,-2815,-12841,-12841]} 1. d4 f5 2. Nf3 Nf6 3. g3 g6 4. Bg2 Bg7 5. O-O O-O 6. c4 d6 7. Nc3 Nc6 8. b3 Ne4 9. Bb2 Nxc3 10. Bxc3 Qe8 11. Qd2 {A89: Dutch Defence: Leningrad System: 5 Nf3 0-0 6 0-0 d6 7 Nc3 Nc6} (11. Rc1 e5 12. d5 Nd8 13. c5 Nf7 14. b4 g5 15. Nd2 Bd7 16. Nc4 Bb5 17. Na5 Rb8 18. Ba1 Qe7 {1-0 (41) Jumabayev,R (2611)-Potapov,P (2493) Doha 2016}) 11... e5 12. dxe5 dxe5 13. Rad1 {White has an edge.} h6 14. Qb2 Qe7 15. Rd5 $146 {[%cal Rf3e5]} ({Predecessor:} 15. e3 g5 16. h3 a5 17. Rd5 e4 18. Bxg7 Qxg7 19. Qxg7+ Kxg7 20. Ne1 {0-1 (49) Hole,O (2274)-Hansen,T (2244) Kristiansund 2001}) 15... e4 16. Ne5 Nxe5 17. Bxe5 Bxe5 18. Qxe5 Qxe5 19. Rxe5 Bd7 20. f3 exf3 21. Bxf3 Rfe8 22. Rxe8+ (22. Ra5 {is interesting.} c6 23. Rd1 Re7 24. Kf2 Kg7 25. Ra4) 22... Rxe8 $11 {[%mdl 4096] Endgame KRB-KRB} 23. Re1 b6 24. Kf2 Kf7 25. Rd1 Re7 26. h4 Kf6 27. Rc1 Ke5 28. e3 a5 29. c5 Re6 30. cxb6 cxb6 31. Rc2 g5 32. hxg5 hxg5 33. Rd2 Bc6 (33... Rd6 {is more complex.} 34. Rc2 g4 35. Bg2 Rd3 36. Bf1 Rd1) 34. Rd8 g4 35. Bxc6 Rxc6 $15 {KR-KR} 36. Ke2 Rh6 37. Rb8 $2 {[#]} ({White has to play} 37. Re8+ $11 Kd6 38. Rd8+ Kc7 39. Rd2) 37... Rh2+ $1 $17 38. Kd3 Rg2 39. Rxb6 Rxg3 40. Rb5+ Ke6 ({Black should try} 40... Kf6 $17 {Threatens to win with ...f4.} 41. Rxa5 f4) 41. Rxa5 $2 {[%mdl 8192] [#]} (41. Kd4 $11) 41... f4 $1 $19 {[%cal Bf5f4,Bf4f3,Bf3f2][%mdl 32] Black is clearly winning.} 42. Ke4 f3 43. Rf5 Rg2 44. a4 f2 45. Rf4 g3 46. Kd3 Rg1 {Precision: White = 39%, Black = 70%.} 0-1

[Event "Winter 2018 CCCSA-IM"]
[Site "Charlotte"]
[Date "2018.01.15"]
[Round "8.1"]
[White "Wang, Wesley"]
[Black "Stremavicius, Titas"]
[Result "1-0"]
[WhiteElo "2226"]
[BlackElo "2432"]
[Annotator "TA"]
[PlyCount "71"]
[EventDate "2018.01.11"]
[EventType "tourn"]
[EventCountry "USA"]
[SourceTitle "playchess.com"]
[Source "ChessBase"]
[SourceQuality "1"]

{[%evp 20,71,17,16,112,115,101,97,94,74,150,150,147,141,132,129,141,125,125,120,227,220,204,200,245,240,245,243,204,204,256,254,247,253,360,312,658,650,641,606,731,700,676,645,1037,1022,761,761,749,575,989,964,805,799]} 1. e4 c5 2. Nf3 Nc6 3. Bb5 d6 4. O-O Bd7 5. c3 a6 6. Bxc6 Bxc6 7. Re1 Nf6 8. d4 cxd4 9. cxd4 Bxe4 {B51: Sicilian: Moscow Variation (3 Bb5+) without 3...Bd7} 10. Nc3 Bxf3 11. Qxf3 {LiveBook: 17 Games} d5 $146 (11... e6 $1 $11 {keeps the balance.}) ({Predecessor:} 11... e6 12. Qxb7 Qc8 13. Qf3 Be7 14. Qg3 O-O 15. Bh6 Ne8 16. h4 Qb7 17. b3 {½-½ (47) Topalov,V (2752)-Gelfand,B (2738) Astana 2012}) 12. Bg5 $16 e6 13. Bxf6 $1 Qxf6 14. Qxd5 $1 Rb8 (14... Qe7 $142 15. Qh5 O-O-O) 15. Ne4 Qg6 16. Qc4 {[#] Hoping for d5.} Be7 17. Qc7 $36 {[%mdl 2048] Black is under strong pressure.} Rd8 18. Qxb7 {And now d5 would win.} Qf5 19. Qc6+ Rd7 (19... Kf8 $16 20. Qxa6 g6) 20. Nc3 Qa5 21. d5 {[%cal Bd4d5,Bd5e6][%mdl 32]} Qc7 {intending ...Qxc6.} 22. Qxa6 Qb7 23. Qxb7 Rxb7 24. dxe6 Rxb2 25. Nd5 Bc5 26. Rab1 Bxf2+ (26... Rxb1 {was called for.} 27. Rxb1 Bd6) 27. Kh1 Rxb1 $2 (27... Bd4 28. Rbd1 Bf2) 28. Rxb1 $18 {[%cal Rb1b8] [#] White is clearly winning.} fxe6 {[%mdl 4096] Endgame KRB-KRN} 29. Rb8+ Kf7 30. Rxh8 exd5 31. Rxh7 {KR-KB} d4 32. Rh3 Ke6 33. Rf3 Bh4 34. Kg1 Ke5 35. Kf1 Ke4 36. Ke2 {Precision: White = 98%, Black = 42%.} 1-0

[Event "Winter 2018 CCCSA-IM"]
[Site "Charlotte"]
[Date "2018.01.15"]
[Round "8.2"]
[White "Hong, Andrew"]
[Black "Montalvo Rosario, Alejandro"]
[Result "1-0"]
[WhiteElo "2327"]
[BlackElo "2183"]
[Annotator "TA"]
[PlyCount "49"]
[EventDate "2018.01.11"]
[EventType "tourn"]
[EventCountry "USA"]
[SourceTitle "playchess.com"]
[Source "ChessBase"]
[SourceQuality "1"]

{[%evp 13,49,37,33,25,36,25,31,23,56,48,38,20,30,11,95,61,27,24,114,0,0,-30,-43,-34,-41,-41,-30,-52,-8,-35,-5,-34,0,-20,163,151,165,91]} 1. e4 c6 2. d4 d5 3. e5 Bf5 4. Nf3 e6 5. Be2 Nd7 6. O-O Bb4 {B12: Caro-Kann: Advance Variation} 7. c3 (7. Nbd2 Ba5 8. Re1 h6 9. c3 Ne7 10. Nf1 Bc7 11. Ng3 Bg4 12. Bd3 c5 13. h3 Bxf3 14. Qxf3 {½-½ (46) Leko,P (2691)-Dreev,A (2653) Riadh 2017}) 7... Ba5 {LiveBook: 37 Games} 8. Na3 h6 {White has an edge.} 9. Nc2 $146 ({Predecessor:} 9. Re1 Ne7 10. Nc2 Bc7 11. b3 c5 12. Ba3 Bb6 13. b4 {½-½ (22) Burgarth,U (2420)-Sakadin,A (2415) ICCF corr 2002}) 9... Ne7 10. Nh4 Bh7 11. f4 O-O 12. Ne3 Bb6 13. f5 exf5 (13... c5 $11) 14. Kh1 {[#]} f4 $1 {[%cal Rf4e3][%mdl 512]} 15. Ng4 (15. Rxf4 g5) 15... f5 {[#]} (15... Ng6 $11 16. Nxg6 Bxg6) 16. exf6 (16. Nxh6+ $1 $16 {[%mdl 512]} gxh6 17. Bxf4) 16... Nxf6 $11 17. Bxf4 Ne4 18. Bd3 {Strongly threatening Nxh6+!} Qd7 19. Qe2 Qe6 20. Be5 Rae8 21. Rae1 {[%cal Rd3e4]} Bd8 22. Ne3 g5 23. Qh5 Nf2+ $2 (23... gxh4 $11 24. Ng4 Nf5 25. Rxf5 Rxf5 26. Nxh6+ {[#]} Qxh6 $1 {[%mdl 512]} 27. Qxh6 Rfxe5 28. dxe5 Nf2+ 29. Kg1 Nxd3) 24. Rxf2 $1 $18 {Black must now prevent Ng4.} Bxd3 25. Ng4 {Precision: White = 45%, Black = 42%.} (25. Rxf8+ $18 Rxf8 26. Ng4) 1-0